Squadre - Europei 1980 - Statistics

Statistiche generali
  • Questo quiz è stato fatto 8 volte
  • Il punteggio medio è 7 su 8
Statistiche sulle risposte
Squadra % Corretto
Germania Ovest
100%
Inghilterra
100%
Italia
100%
Spagna
100%
Paesi Bassi
88%
Belgio
63%
Grecia
63%
Cecoslovacchia
38%
Nessun quiz corrispondente trovato
Distribuzione punteggi
Percentuale di utenti per punteggio
Percentile per numero di risposta
I tuoi punteggi nel tempo
Non hai fatto questo quiz